000 01619cam a2200313 4500
001 ABS65713
008 020805n2002 000 0 eng u
035 _a(Sirsi) u119209
100 _aMonkhouse, C
245 _aEU environmental law and policy update: part 1
260 _c2002
490 _aEnvironment Information Bulletin
_v121 July 2002, 9-16 (8)
520 _aPart 1of a two part feature covers key strategic environment policy and legislative developments from 1 June 2001 to 31 May 2002, reviews new European Commission communications and looks ahead at proposals expected within the next few months. Discusses the imminent Johannesburg summit and EU preparations for it; the sustainable development strategies; the sixth environmental action programme; communications on the clean air for Europe programme and soil protection. Further sections consider three important climate change policy documents adopted in October 2001; the white paper on European governance; the convention on the future of Europe;the Cardiff environmental integration process; the Danish presidency from 1 July 2002. See ABSXXXX for Part 2.
590 _aABS
650 _aEUROPEAN COMMISSION
650 _aSUSTAINABLE DEVELOPMENT
650 _aENVIRONMENTAL ACTION PROGRAMMES
650 _aCLEAN AIR FOR EUROPE
650 _aSOIL PROTECTION
650 _aEUROPEAN UNION
650 _aCLIMATE CHANGE
650 _aCONVENTION ON THE FUTURE OF EUROPE
650 _aCARDIFF PROCESS
650 _aDENMARK
650 _aEUROPE
690 _aENVIRONMENT-ENVIRONMENTAL LAW
700 _aSkinner, I
942 _n0
999 _c70902
_d70902